000 00292nam a2200121Ia 4500
008 191201s2013 xx 000 0 und d
100 _aPUNMIA, B.C.
245 0 _aSurveying Vol-1
260 _aN. Delhi
_bLaxmi Publications
_c2013
300 _a536+52
650 _aB.Tech(CE)
942 _2ddc
_cBK
999 _c6538
_d6538